000 00324nam a22001457a 4500
008 221115b ||||| |||| 00| 0 eng d
020 _a9781416057765
041 _aeng
080 _2VOLUME 43
_a610.73
082 _a610.73 PRE
100 _a5
101 _aINF
245 _aNURSING CLINICS
_cPREVOST S
942 _2udc
_cBK
999 _c58899
_d58899